भरत के नाट्यसिद्धान्त और प्रयोगविधान: हर्षवर्धन की नाट्यकृतियों से उद्धृत उद्धरणों सहित (Record no. 1225778)
[ view plain ]
| 000 -LEADER | |
|---|---|
| fixed length control field | 00986nam a2200229Ia 4500 |
| 005 - DATE AND TIME OF LATEST TRANSACTION | |
| control field | 20241129105743.0 |
| 008 - FIXED-LENGTH DATA ELEMENTS--GENERAL INFORMATION | |
| fixed length control field | 241129s9999||||xx |||||||||||||| ||und|| |
| 020 ## - INTERNATIONAL STANDARD BOOK NUMBER | |
| International Standard Book Number | 978-93-81907-77-1 |
| 037 ## - SOURCE OF ACQUISITION | |
| Stock number | TB |
| 040 ## - CATALOGING SOURCE | |
| Original cataloging agency | ARTS |
| Language of cataloging | hin |
| Transcribing agency | ARTS |
| 041 ## - LANGUAGE CODE | |
| Language code of text/sound track or separate title | hin |
| Source of code | san |
| 084 ## - COLON CLASSIFICATION NUMBER | |
| Classification number | O15:gx1,1:g 152R1 |
| Assigning agency | ARTS |
| 100 ## - MAIN ENTRY--PERSONAL NAME | |
| Personal name | अग्रवाल, मधु, ले. |
| 245 #0 - TITLE STATEMENT | |
| Title | भरत के नाट्यसिद्धान्त और प्रयोगविधान: हर्षवर्धन की नाट्यकृतियों से उद्धृत उद्धरणों सहित |
| Statement of responsibility, etc. | अग्रवाल, मधु, ले. |
| 260 ## - PUBLICATION, DISTRIBUTION, ETC. | |
| Place of publication, distribution, etc. | नई दिल्ली, भारत |
| Name of publisher, distributor, etc. | विश्वी पब्लिकेशन्स |
| Date of publication, distribution, etc. | 2021 |
| 300 ## - PHYSICAL DESCRIPTION | |
| Extent | 448पृ0 |
| 365 ## - TRADE PRICE | |
| Price type code | INR |
| Price amount | 1850 |
| 546 ## - LANGUAGE NOTE | |
| Language note | Translated from Sanskrit to Hindi |
| 650 ## - SUBJECT ADDED ENTRY--TOPICAL TERM | |
| Topical term or geographic name entry element | Sanskrit Literature |
| 942 ## - ADDED ENTRY ELEMENTS (KOHA) | |
| Koha item type | Textbook |
| Classification part | O15:gx1,1:g 152R1 |
No items available.
